| 000 | 00756nam a2200217Ia 4500 | ||
|---|---|---|---|
| 003 | GCL | ||
| 008 | 140319s9999 xx 000 0 ara d | ||
| 040 |
_aGCL / _cGCL |
||
| 082 | 0 | 4 |
_a939.4 _bم ب |
| 100 | 1 | _aمحمد عدنان البخيت | |
| 245 | 1 | 0 |
_aبلاد الشام فى العهد البيزنطى:الندوة الاولى من اعمال الموتمر الدولى الرابع لتاريخ بلاد الشام / _cمحمد عدنان البخيت |
| 700 | 1 | _aمحمد عصفور (تحرير) | |
| 260 |
_a[S.N] : _bالجامعة الاردنية ، _c1986 |
||
| 300 | _a256 ص | ||
| 490 | _a | ||
| 650 | 0 | 4 | _aتاريخ |
| 650 | 0 | 4 | _aسوريا |
| 650 | 0 | 4 | _aالشام |
| 650 | 0 | 4 | _aالعصور الوسطى |
| 942 |
_2ddc _cBK |
||
| 999 |
_c35342 _d35342 |
||